Payne´s Royal Dresden Gallery (Record no. 7968)
[ view plain ]
| 000 -CABECERA | |
|---|---|
| campo de control de longitud fija | 01210nam a2200301 a 4500 |
| 001 - NÚMERO DE CONTROL | |
| campo de control | BRCA_8300 |
| 005 - FECHA Y HORA DE LA ÚLTIMA TRANSACCIÓN | |
| campo de control | 20190320210222.0 |
| 008 - DATOS DE LONGITUD FIJA--INFORMACIÓN GENERAL | |
| campo de control de longitud fija | 180614s184-----gw-a###f##---#001-0#eng-# |
| 041 ## - CÓDIGO DE LENGUA | |
| Código de lengua del texto/banda sonora o título independiente | eng |
| 044 ## - CÓDIGO DEL PAÍS DE LA ENTIDAD EDITORA/PRODUCTORA | |
| Código MARC del país | gw |
| 050 #4 - SIGNATURA TOPOGRÁFICA DE LA BIBLIOTECA DEL CONGRESO | |
| Número de clasificación | N2280 |
| Número de documento/Ítem | .P39 2 1844 |
| 245 10 - MENCIÓN DE TÍTULO | |
| Título | Payne´s Royal Dresden Gallery |
| Resto del título | being a selection of subjects Engraved after Pictures, by the great Masters. |
| Mención de responsabilidad, etc. | edited and published for the proprietors A. H. Payne and W. French. |
| 260 ## - PUBLICACIÓN, DISTRIBUCIÓN, ETC. | |
| Lugar de publicación, distribución, etc. | Dresden, Alemania |
| Nombre del editor, distribuidor, etc. | A. H. Payne & W. French |
| Fecha de publicación, distribución, etc. | [184-?] |
| 300 ## - DESCRIPCIÓN FÍSICA | |
| Extensión | 164 p. |
| Otras características físicas | il., 63 láminas |
| Dimensiones | 28 cm. |
| 440 #0 - MENCIÓN DE SERIE/PUNTO DE ACCESO ADICIONAL--TÍTULO | |
| Título | Payne´s Royal Dresden Gallery |
| Designación de volumen o secuencia | 1 |
| 9 (RLIN) | 20723 |
| 500 ## - NOTA GENERAL | |
| Nota general | Edición con cantos dorados. |
| 500 ## - NOTA GENERAL | |
| Nota general | Ejemplar igual a CEF60 |
| 500 ## - NOTA GENERAL | |
| Nota general | S116 |
| 505 0# - NOTA DE CONTENIDO CON FORMATO | |
| Nota de contenido con formato | Berchem, Canaletto, Caravaggio, Guido Reni, Raphael, Rembrandt, Rubens, Teniers, Vandyke, etc., etc. with accompanying notices consisting of tales, biographies, etc. |
| 610 24 - PUNTO DE ACCESO ADICIONAL DE MATERIA--NOMBRE DE ENTIDAD CORPORATIVA | |
| Nombre de entidad corporativa o nombre de jurisdicción como elemento de entrada | Payne´s Royal Dresden Gallery |
| Subdivisión geográfica | Alemania |
| 9 (RLIN) | 5056 |
| 650 14 - PUNTO DE ACCESO ADICIONAL DE MATERIA--TÉRMINO DE MATERIA | |
| Término de materia o nombre geográfico como elemento de entrada | Pinturas |
| Subdivisión de forma | Grandes maestros |
| 9 (RLIN) | 5057 |
| 650 14 - PUNTO DE ACCESO ADICIONAL DE MATERIA--TÉRMINO DE MATERIA | |
| Término de materia o nombre geográfico como elemento de entrada | Grabados |
| 9 (RLIN) | 5058 |
| 650 14 - PUNTO DE ACCESO ADICIONAL DE MATERIA--TÉRMINO DE MATERIA | |
| Término de materia o nombre geográfico como elemento de entrada | Galerías y museos |
| Subdivisión geográfica | Alemania |
| 9 (RLIN) | 5059 |
| 700 1# - PUNTO DE ACCESO ADICIONAL--NOMBRE DE PERSONA | |
| Nombre de persona | Payne, Albert Henry |
| Término indicativo de función/relación | ed. |
| 9 (RLIN) | 20724 |
| 700 1# - PUNTO DE ACCESO ADICIONAL--NOMBRE DE PERSONA | |
| Nombre de persona | French, W. |
| Término indicativo de función/relación | ed. |
| 9 (RLIN) | 20725 |
| 902 ## - CATALOGADOR | |
| Iniciales | GFM |
| 942 ## - ELEMENTOS DE PUNTO DE ACCESO ADICIONAL (KOHA) | |
| Fuente del sistema de clasificación o colocación | Library of Congress Classification |
| Tipo de ítem Koha | Libros |
| Estado de retiro | Estado de pérdida | Estado dañado | No para préstamo | Localización permanente | Ubicación/localización actual | Fecha de adquisición | Número de inventario | Total de préstamos | Signatura topográfica completa | Código de barras | Fecha visto por última vez | Precio válido a partir de | Tipo de ítem Koha |
|---|---|---|---|---|---|---|---|---|---|---|---|---|---|
| El ejemplar forma parte de la colección y puede ser consultado según las políticas vigentes. | Biblioteca del Museo Franz Mayer (Rogerio Casas-Alatriste) | Biblioteca del Museo Franz Mayer (Rogerio Casas-Alatriste) | 18/06/2014 | S116 | N2280 .P39 2 1844 (S116) | 8924 | 22/03/2019 | 22/03/2019 | Libros |